All countries that have scored in the Europa League 22/23 - Statistics

General Stats
  • This quiz has been taken 20 times
  • The average score is 39 of 54
Answer Stats
Hint Answer % Correct
10 goals England
100%
2 goals Finland
100%
11 goals Germany
100%
9 goals Norway
100%
13 goals Portugal
100%
19 goals Spain
100%
4 goals Sweden
100%
9 goals Belgium
95%
19 goals France
95%
11 goals Netherlands
95%
2 goals Scotland
95%
5 goals Ukraine
95%
10 goals Denmark
89%
10 goals Italy
89%
3 goals Morocco
89%
1 goal Poland
89%
9 goals Serbia
89%
3 goals Slovakia
89%
3 goals Switzerland
89%
6 goals Turkey
89%
5 goals Argentina
84%
3 goals Austria
84%
19 goals Brazil
84%
3 goals Greece
84%
2 goals Hungary
84%
1 goal Japan
84%
2 goals Slovenia
84%
4 goals Uruguay
84%
1 goal Croatia
79%
4 goals Egypt
79%
1 goal South Korea
79%
5 goals Mexico
74%
6 goals Nigeria
74%
1 goal Bulgaria
68%
1 goal Senegal
68%
2 goals Cameroon
63%
2 goals Ecuador
63%
4 goals Ghana
63%
3 goals Iran
63%
3 goals Israel
58%
2 goals North Macedonia
58%
2 goals Ivory Coast
53%
1 goal Mali
53%
1 goal Cyprus
47%
1 goal Georgia
47%
3 goals Kosovo
47%
2 goals Azerbaijan
42%
3 goals Montenegro
42%
3 goals Gabon
37%
1 goal Guinea
32%
1 goal RD Congo
26%
2 goals Malta
21%
1 goal Suriname
11%
1 goal Uzbekistan
0%
No matching quizzes found
Score Distribution
Percent of People with Each Score
Percentile by Number Answered
Your Score History
You have not taken this quiz